Curso de historia de la civilización de España (Record no. 154639)
[ view plain ]
| 000 -LEADER | |
|---|---|
| campo de control de longitud fija | 01104nam a2200217 i 4500 |
| 001 - NÚMERO DE CONTROL | |
| campo de control | 154639 |
| 003 - IDENTIFICADOR DE NÚMERO DE CONTROL | |
| campo de control | ES-MaACL |
| 005 - FECHA Y HORA DE LA ÚLTIMA TRANSACCIÓN | |
| campo de control | 20230906205814.0 |
| 008 - DATOS DE LONGITUD FIJA--INFORMACIÓN GENERAL | |
| campo de control de longitud fija | 940202m18411846sp |||| | spa d |
| 100 1# - ENTRADA PRINCIPAL--NOMBRE DE PERSONA | |
| Nombre de persona | Morón, Fermín Gonzalo. |
| 9 (RLIN) | 83636 |
| 245 10 - MENCIÓN DEL TÍTULO | |
| Título | Curso de historia de la civilización de España |
| Resto del título | : lecciones pronunciadas en el Liceo de Valencia y en el Ateneo de Madrid en los cursos de 1840 y 1841 / |
| Mención de responsabilidad, etc. | por Fermín Gonzalo Morón. |
| 260 ## - PUBLICACIÓN, DISTRIBUCIÓN, ETC. | |
| Lugar de publicación, distribución, etc. | Madrid : |
| Nombre del editor, distribuidor, etc. | [s.n.], |
| Fecha de publicación, distribución, etc. | 1841-1846 ( |
| Fabricante | Estab. Tip. calle del Sordo, n. 11) |
| 300 ## - DESCRIPCIÓN FÍSICA | |
| Extensión | 6 v. ; |
| Dimensiones | 18 cm. |
| 530 ## - NOTA DISPONIBLE DE FORMULARIO FÍSICO ADICIONAL | |
| Nota de formato físico adicional disponible | Disponible en formato digital. |
| 594 ## - Nota al título y mención de responsabilidad | |
| Nota al título y mención de responsabilidad | A partir del t. V el tít.: Historia de la civilización de España. |
| 596 ## - NOTA AL PIE DE IMPRENTA | |
| NOTA AL PIE DE IMPRENTA | Variación en las imprentas: t. III: Imp. de Alegria y Charlain, t. IV: Imp. de Marcos Bueno, t. V-VI: Imp. de Francisco Díaz. |
| 610 24 - PUNTO DE ACCESO ADICIONAL DE MATERIA--NOMBRE DE ENTIDAD CORPORATIVA | |
| Nombre de entidad corporativa o nombre de jurisdicción como elemento de entrada | Ateneo de Madrid- |
| Subdivisión de forma | Conferencias- |
| Subdivisión cronológica | S.XIX. |
| 9 (RLIN) | 1910 |
| 651 #4 - PUNTO DE ACCESO ADICIONAL DE MATERIA--NOMBRE GEOGRÁFICO | |
| Nombre geográfico | España- |
| Subdivisión general | Civilización. |
| 9 (RLIN) | 8163 |
| 852 ## - LOCALIZACIÓN | |
| Ubicación | ES-MaACL |
| Número de control de estantería | F-12200-05 |
| Nota libre | - Enc. hol. |
| 856 ## - LOCALIZACIÓN Y ACCESO ELECTRÓNICOS | |
| Identificador Uniforme de Recursos | <a href="http://bvpb.mcu.es/es/consulta/registro.do?id=487998 ">http://bvpb.mcu.es/es/consulta/registro.do?id=487998 </a> |
| Nota pública | Biblioteca Virtual del Patrimonio Bibliográfico |
| Estatus retirado | Estado de pérdida | Estado de daño | No para préstamo | Colección | Biblioteca de origen | Biblioteca actual | Ubicación en estantería | Fecha de adquisición | Total de préstamos | Signatura topográfica completa | Código de barras | Visto por última vez | Precio de reemplazo | Tipo de ítem Koha |
|---|---|---|---|---|---|---|---|---|---|---|---|---|---|---|
| Colección digital | Biblioteca del Ateneo de Madrid | Biblioteca del Ateneo de Madrid | Sala Pecera Planta 2 | 17/01/2008 | F-12200-05 | 1161739 | 23/02/2023 | 23/02/2023 | Libro impreso antiguo |
